000 00445cam a22001217a 4500
008 180718b1965 xxu||||| |||| 00| 0 eng d
082 _aA81x54 In2/61/15/PT6/9
100 _aCensus of India 1961
245 _aUttar Pradesh: village survey monograph, Darkot (tahsil Munsiari, district Pithoragarh)
260 _aDelhi
_bThe Manager of Publications
_c1965
300 _a43+p.
440 _aCensus of India 1961. Volume XV, Uttar Pradesh. Part VI.No.9
999 _c484316
_d484316